000 00846nam a2200277 a 4500
001 BD-DhNSU-30977
003 BD-DhNSU
005 20260429151210.0
008 260429s1991 bg ||||g vw|| 001 0|eng d
040 _aDLC
_cBD-DhNSU
_dBD-DhNSU
041 _aeng
050 0 0 _aKNG19
_b.A2B36 1991
245 0 0 _aBangladesh legal decisions ,
_nVol. 11 /
_cedited by Sultan Ahmad & A.T.M. Kamrul Islam.
246 _aBLD
_bVolume XI
260 _aDhaka :
_bBangladesh Bar Council,
_c1991.
300 _avp ;
_c25 cm.
500 _aDec- 91 Reg. No.. 513
526 _aLaw
590 _aSumaiya Kainat Bintey Kohinoor
650 0 _aLaw reports digests etc
_zBangladesh.
650 4 _aLaw reports digests etc
700 1 _aAhmad, Sultan
_eeditor
700 1 _aIslam, A.T.M. Kamrul
_eeditor
710 _aBangladesh Bar Council.
942 _2lcc
_cBK
999 _c30977
_d30977